MARC details
| 000 -LEADER |
| campo de control de longitud fija |
02402nam a2200373 i 4500 |
| 001 - NÚMERO DE CONTROL |
| campo de control |
197611 |
| 003 - IDENTIFICADOR DE NÚMERO DE CONTROL |
| campo de control |
ES-MaACL |
| 005 - FECHA Y HORA DE LA ÚLTIMA TRANSACCIÓN |
| campo de control |
20250728070126.0 |
| 007 - CAMPO FIJO DE DESCRIPCIÓN FÍSICA--INFORMACIÓN GENERAL |
| campo de control de longitud fija |
ta |
| 008 - DATOS DE LONGITUD FIJA--INFORMACIÓN GENERAL |
| campo de control de longitud fija |
250623e2025 sp ||||| |||| 00| 0 spa d |
| 017 ## - NÚMERO DE COPYRIGHT O DE DEPÓSITO LEGAL |
| Número de copyright o de depósito legal |
M 985-2025 |
| 020 ## - NÚMERO INTERNACIONAL ESTÁNDAR DEL LIBRO |
| Número Internacional Estándar del Libro |
9788409683512 |
| 040 ## - FUENTE DE CATALOGACIÓN |
| Lengua de catalogación |
spa |
| Centro/agencia transcriptor |
ES-MaACL |
| 080 ## - NÚMERO DE LA CLASIFICACIÓN DECIMAL UNIVERSAL |
| Número de la Clasificación Decimal Universal |
338.1(7/8=134) |
| 245 00 - MENCIÓN DEL TÍTULO |
| Título |
América Latina en un mundo perplejo : |
| Resto del título |
inseguridad, turbulencias económicas y democracias asediadas : informe anual 2024-2025 / |
| Mención de responsabilidad, etc. |
Érika Rodríguez Pinzón y Marisa Rollón (editoras) |
| 260 ## - PUBLICACIÓN, DISTRIBUCIÓN, ETC. |
| Lugar de publicación, distribución, etc. |
Madrid : |
| Nombre del editor, distribuidor, etc. |
Fundación Carolina, |
| Fecha de publicación, distribución, etc. |
2025 |
| 300 ## - DESCRIPCIÓN FÍSICA |
| Extensión |
166 páginas ; |
| Dimensiones |
30 cm |
| 336 ## - TIPO DE CONTENIDO |
| Fuente |
rdacontent |
| Término de tipo de contenido |
texto |
| 337 ## - TIPO DE MEDIO |
| Fuente |
rdamedia |
| Nombre/término del tipo de medio |
sin mediación |
| 338 ## - TIPO DE SOPORTE |
| Fuente |
rdacarrier |
| Nombre/término del tipo de soporte |
volumen |
| 520 ## - RESUMEN, ETC. |
| Sumario, etc. |
Este Informe anual 2024-2025 de la Fundación Carolina ofrece una visión integral y multifacética de los desafíos y oportunidades que ha enfrentado América Latina en 2024 y los que le esperan en 2025: un año que se presenta económicamente incierto y políticamente turbulento, bajo un contexto global tensionado, en el que persistirá el asedio a los valores y las instituciones de la democracia, pero que asimismo podría suponer, para los países de la región, un reimpulso en términos de movilización de recursos financieros, resiliencia institucional, defensa de derechos humanos, y representación política de las mujeres. En su elaboración ha participado un destacado grupo de especialistas que colaboran o son miembros del área de Estudios y Análisis de la Fundación Carolina. |
| 530 ## - NOTA DISPONIBLE DE FORMULARIO FÍSICO ADICIONAL |
| Nota de formato físico adicional disponible |
Disponible en formato digital |
| 540 ## - NOTA DE CONDICIONES DE USO Y REPRODUCCIÓN |
| Condiciones de uso y reproducción |
Versión digital disponible en Fundación Carolina |
| Identificador Uniforme de Recursos |
<a href="https://www.fundacioncarolina.es/wp-content/uploads/2025/01/ANUARIO-2024.pdf">https://www.fundacioncarolina.es/wp-content/uploads/2025/01/ANUARIO-2024.pdf</a> |
| 650 #4 - PUNTO DE ACCESO ADICIONAL DE MATERIA--TÉRMINO DE MATERIA |
| Término de materia o nombre geográfico como elemento de entrada |
Democracia- |
| Subdivisión geográfica |
América Latina |
| 9 (RLIN) |
11565 |
| 651 #4 - PUNTO DE ACCESO ADICIONAL DE MATERIA--NOMBRE GEOGRÁFICO |
| Nombre geográfico |
América Latina- |
| Subdivisión general |
Situación económica |
| 9 (RLIN) |
7765 |
| 700 1# - ENTRADA AGREGADA--NOMBRE PERSONAL |
| Nombre de persona |
Rodríguez Pinzón, Érika |
| Término indicativo de función/relación |
Editor literario |
| 9 (RLIN) |
240971 |
| 700 1# - ENTRADA AGREGADA--NOMBRE PERSONAL |
| Nombre de persona |
Ramos Rollón, Marisa |
| Término indicativo de función/relación |
Editor literario |
| 9 (RLIN) |
240972 |
| 710 2# - ENTRADA AGREGADA--NOMBRE DE ENTIDAD CORPORATIVA |
| Nombre de entidad corporativa o nombre de jurisdicción como elemento de entrada |
Fundación Carolina |
| Término indicativo de función/relación |
Editor |
| 9 (RLIN) |
147407 |
| 852 ## - LOCALIZACIÓN |
| Ubicación |
ES-MaACL |
| Ubicación en estantería |
Depósito 1 |
| Donativo/Legado |
Donación Fundación Carolina |
| Número de control de estantería |
A-15699 |
| itemnumber |
206057 |
| 856 4# - LOCALIZACIÓN Y ACCESO ELECTRÓNICOS |
| Identificador Uniforme de Recursos |
<a href="https://www.fundacioncarolina.es/wp-content/uploads/2025/01/ANUARIO-2024.pdf">https://www.fundacioncarolina.es/wp-content/uploads/2025/01/ANUARIO-2024.pdf</a> |
| Texto de enlace |
Versión digital |
| Nota pública |
(Fundación Carolina) |
| Estado de acceso |
Accesible a 20/07/2025 |
| 942 ## - ELEMENTOS DE ENTRADA SECUNDARIOS (KOHA) |
| Suprimir en OPAC |
No |
| Tipo de ítem Koha |
Libro impreso |